000 00819nam a2200229 a 4500
001 000002243
005 20200929150156.0
008 090701s2008 dr 000 0bspa d
020 _a9789945161861
040 _aDO-SdBNP
_bspa
_cBNPHU
082 _a926.10695
_bC345s
100 1 _aCassó, Antonio,
_d1928-
_97151
245 1 0 _aSueño de una noche de marzo /
_cAntonio Cassó ; prólogo Juan Francisco Vásquez Acosta.
260 _aSanto Domingo :
_bBúho,
_c2008.
300 _a146 p. ;
_c22 cm.
500 _aIncluye datos biográficos del autor en las solapas
590 _aInventari32ado, 2020/MFF
650 4 _aMédicos
_vBIOGRAFÍAS
_97152
650 4 _aMedicina
_xAnécdotas, chistes, sátiras,etc
_97153
700 1 2 _aVásquez Acosta, Juan Francisco
_epról.
_97154
910 _aValidado. Control de calidad MFF
999 _c2090
_d2090